Mi vida de maestro : premios /
Sparad:
| Huvudupphovsman: | |
|---|---|
| Materialtyp: | Okänd |
| Ämnen: | |
| Taggar: |
Lägg till en tagg
Inga taggar, Lägg till första taggen!
|
MARC
| LEADER | 000000000a22000000004500 | ||
|---|---|---|---|
| 001 | 004383 | ||
| 100 | 1 | |a García Segura, Guillermo | |
| 245 | 1 | 0 | |a Mi vida de maestro : |b premios / |c Guillermo García Segura. |
| 310 | |a semestral | ||
| 650 | 4 | |a FRAGMANTO | |
| 650 | 4 | |a LITERATURA COSTARRICENSE | |
| 773 | 0 | |x 1409-2263 |d Costa Rica : Editorial de la Universidad Nacional |t Imágenes |g número 7 (1997), páginas 119-121 | |
| 942 | |c ARC | ||
| 999 | |c 11366 |d 11366 | ||
